00579nam a22002057a 4500003000800000008004100008020001500049037002400064040002600088041000800114080001100122100002600133245007000159260002300229300002200252440003000274504001400304650004300318655001200361BI-BuBU251119b1983 fr fr|||| 000 0 fre d a204015146X a127465bFonds S.400 aBI-BuBUbfrecBI-BuBU0 afre a658.011 4aut.aRoux, Dominique10aAnalyse économique de l'entreprisebTome 2cpar Dominique Roux. aParisbDunodc1983 aXI-322 p.c24 cm. 0aUniversité et technique aBibliogr. 72BI-BuBUaEntreprisexEconomiexAnalyse 2BI-BuBU